UM Logo

The poetry toolkit : (Record no. 20342)

MARC details
000 -LEADER
fixed length control field 02285cam a2200397 i 4500
001 - CONTROL NUMBER
control field 20706711
003 - CONTROL NUMBER IDENTIFIER
control field OSt
005 - DATE AND TIME OF LATEST TRANSACTION
control field 20240624090602.0
008 - FIXED-LENGTH DATA ELEMENTS--GENERAL INFORMATION
fixed length control field 181006s2019 enk b 001 0 eng c
010 ## - LIBRARY OF CONGRESS CONTROL NUMBER
LC control number 2018040508
020 ## - INTERNATIONAL STANDARD BOOK NUMBER
International Standard Book Number 9781350032200
Qualifying information (softcover)
020 ## - INTERNATIONAL STANDARD BOOK NUMBER
International Standard Book Number 9781350032217
Qualifying information (hardcover)
020 ## - INTERNATIONAL STANDARD BOOK NUMBER
Canceled/invalid ISBN 9781350032231
Qualifying information (epdf)
020 ## - INTERNATIONAL STANDARD BOOK NUMBER
Canceled/invalid ISBN 9781350032224
Qualifying information (ebook)
040 ## - CATALOGING SOURCE
Original cataloging agency LBSOR/DLC
Language of cataloging eng
Transcribing agency LBSOR
Description conventions rda
Modifying agency DLC
042 ## - AUTHENTICATION CODE
Authentication code pcc
050 00 - LIBRARY OF CONGRESS CALL NUMBER
Classification number PR504.5
Item number .W56 2019
082 00 - DEWEY DECIMAL CLASSIFICATION NUMBER
Classification number DC 809.1
Edition number 2019
Item number W670
100 1# - MAIN ENTRY--PERSONAL NAME
Personal name Williams, Rhian,
Dates associated with a name 1978-
Relator term author.
9 (RLIN) 57373
245 14 - TITLE STATEMENT
Title The poetry toolkit :
Remainder of title the essential guide to studying poetry /
Statement of responsibility, etc. Rhian Williams.
250 ## - EDITION STATEMENT
Edition statement 3rd edition.
264 #1 - PRODUCTION, PUBLICATION, DISTRIBUTION, MANUFACTURE, AND COPYRIGHT NOTICE
Place of production, publication, distribution, manufacture London ;
-- New York :
Name of producer, publisher, distributor, manufacturer Bloomsbury Academic,
Date of production, publication, distribution, manufacture, or copyright notice 2019.
300 ## - PHYSICAL DESCRIPTION
Extent xv, 345 pages ;
Dimensions 22 cm
336 ## - CONTENT TYPE
Content type term text
Content type code txt
Source rdacontent
337 ## - MEDIA TYPE
Media type term unmediated
Media type code n
Source rdamedia
338 ## - CARRIER TYPE
Carrier type term volume
Carrier type code nc
Source rdacarrier
504 ## - BIBLIOGRAPHY, ETC. NOTE
Bibliography, etc Includes bibliographical references and index.
505 0# - FORMATTED CONTENTS NOTE
Formatted contents note Types and traditions -- Forms -- Prosody -- Rhyme -- Stanza -- Wordplay -- Close reading.
520 ## - SUMMARY, ETC.
Summary, etc. "Now thoroughly revamped with a diverse selection of poetic voices from the last fifty years, this third edition of Rhian Williams's bestselling book, The Poetry Toolkit guides readers through key terms, genres and concepts that help them to develop a richer, more sophisticated approach to reading, thinking and writing about poetry. Combining an easy-to-use reference format with in-depth practice readings and further exercises, the book helps students master the study of poetry for themselves. As well as featuring more contemporary voices, the third edition of The Poetry Toolkit includes an expanded practical section giving guidance on close reading, comparative reading and advice on writing critically about poetry"--
Assigning source Provided by publisher.
650 #0 - SUBJECT ADDED ENTRY--TOPICAL TERM
Topical term or geographic name as entry element English poetry
General subdivision Study and teaching.
9 (RLIN) 57374
650 #0 - SUBJECT ADDED ENTRY--TOPICAL TERM
Topical term or geographic name as entry element Poetry
General subdivision Study and teaching.
9 (RLIN) 57375
776 08 - ADDITIONAL PHYSICAL FORM ENTRY
Relationship information Online version:
Main entry heading Williams, Rhian, 1978- author.
Title Poetry toolkit
Edition 3rd edition.
Place, publisher, and date of publication London, UK ; New York, NY : Bloomsbury Academic, 2019
International Standard Book Number 9781350032224
Record control number (DLC) 2018051805
906 ## - LOCAL DATA ELEMENT F, LDF (RLIN)
a 7
b cbc
c orignew
d 1
e ecip
f 20
g y-gencatlg
942 ## - ADDED ENTRY ELEMENTS (KOHA)
Source of classification or shelving scheme Dewey Decimal Classification
Koha item type Circulation
Holdings
Withdrawn status Lost status Source of classification or shelving scheme Damaged status Not for loan Collection code Home library Current library Shelving location Date acquired Source of acquisition Cost, normal purchase price Total Checkouts Full call number Barcode Date last seen Date last checked out Price effective from Koha item type
    Dewey Decimal Classification     Circulation UM Digos College - LIC UM Digos College - LIC Book Cart 07/19/2023 Purchased 1975.00 1 DC 809.1 W670 2019 28136 03/23/2026 03/19/2026 06/24/2024 Circulation